000 00504nam a2200181 a 4500
001 1769935627748
003 YourLibrary
005 20260201143129.0
008 260201s2006##################000#0#eng##
020 _a9780521030298
082 0 4 _a332.109436
_bSCH
100 1 _aSchubert, Aurel,
_eauthor.
245 1 0 _aThe Credit-Anstalt Crisis of 1931 :
260 _bCambridge University Press,
_c2006.
650 0 _aBusiness & Economics.
942 _cENGLISH
040 _aYourLibrary
_beng
_cYourLibrary
999 _c609702
_d609702